Проба пера. Вып. 8 (Запись № 1061727)

Подробности
000 -МАРКЕР
контрольное поле 01823nam2a2200313 4500
001 - ИДЕНТИФИКАТОР ЗАПИСИ
контрольное поле RU\NLR\bibl\1094428
005 - ИДЕНТИФИКАТОР ВЕРСИИ
контрольное поле 20260407162826.0
010 ## - МЕЖДУНАРОДНЫЙ СТАНДАРТНЫЙ НОМЕР КНИГИ (ISBN)
Номер (ISBN) 5-88719-076-0
Тираж 250
021 ## - НОМЕР ГОСУДАРСТВЕННОЙ РЕГИСТРАЦИИ
Код страны Российская Федерация
Номер 2007-28787
Номер Листа государственной регистраци 1531
035 ## - ДРУГИЕ СИСТЕМНЫЕ НОМЕРА
Идентификатор записи (NLR Aleph) 001081549
100 ## - ДАННЫЕ ОБЩЕЙ ОБРАБОТКИ
Данные общей обработки 20070604d2007 |||y0rusy50 ca
101 0# - ЯЗЫК РЕСУРСА
Язык текста, звукозаписи и т.д. русский
-- башкирский
102 ## - СТРАНА ПУБЛИКАЦИИ ИЛИ ПРОИЗВОДСТВА
Страна публикации Российская Федерация
105 ## - ПОЛЕ КОДИРОВАННЫХ ДАННЫХ: ТЕКСТОВЫЕ МАТЕРИАЛЫ, МОНОГРАФИЧЕСКИЕ
Кодированные данные о монографическом текстовом документе y |||||||||
200 0# - ЗАГЛАВИЕ И СВЕДЕНИЯ ОБ ОТВЕТСТВЕННОСТИ
Основное заглавие Вып. 8
Первые сведения об ответственности Отд. образования Администрации муницип. р-на Белебеев. р-н
Последующие сведения об ответственности [сост. - Д.С. Ахметзянов и др.]
210 ## - ПУБЛИКАЦИЯ, РАСПРОСТРАНЕНИЕ И ДР.
Дата издания, распространения и т.д. 2007
Место издания, распространения и т.д. Б. м.
215 ## - ФИЗИЧЕСКАЯ ХАРАКТЕРИСТИКА
Специфическое обозначение материала и объем 95 с.
300 ## - ОБЩИЕ ПРИМЕЧАНИЯ
Текст примечания На тит. л.: Фестивалю поэзии "Илхам шишмэлэре-2007" ("Родники вдохновения-2007") посвящается
300 ## - ОБЩИЕ ПРИМЕЧАНИЯ
Текст примечания Часть текста на башк. яз.
461 #0 - УРОВЕНЬ НАБОРА
Встроенное поле 001RU\NLR\bibl\541260
-- 2001#$aПроба пера$vВып. 8
Системный номер (АБИС) связанной записи 1368096
Место публикации Белебей
Дата публикации 2004
Первые сведения об ответственности Отд. образования администрации г. Белебея и Белебеев. р-на
Имя издателя, распространителя и т.д. Отд. образования администрации Белебеев. р-на и г. Белебея
Сведения, относящиеся к заглавию (Сб. стихов учащихся)
Заглавие Проба пера
Номер тома Вып. 8
711 12 - НАИМЕНОВАНИЕ ОРГАНИЗАЦИИ - АЛЬТЕРНАТИВНАЯ ОТВЕТСТВЕННОСТЬ
Начальный элемент ввода "Родники вдохновения - 2007", башкирский республиканский фестиваль поэзии
Место проведения временной организации Белебей
Идентификатор авторитетной/нормативной записи RU\NLR\AUTH\8810101394
Системный номер авторитетной/нормативной записи 703711
712 01 - НАИМЕНОВАНИЕ ОРГАНИЗАЦИИ - ВТОРИЧНАЯ ОТВЕТСТВЕННОСТЬ
Код отношения Прочие
Начальный элемент ввода Белебеевский район
Идентифицирующий признак Республика Башкортостан
Структурное подразделение Администрация
Идентификатор авторитетной/нормативной записи RU\NLR\AUTH\8810085688
Системный номер авторитетной/нормативной записи 673271
801 #0 - ИСТОЧНИК ЗАПИСИ
Страна Российская Федерация
Организация NLR
Дата составления 20070604
Правила каталогизации RCR
801 #1 - ИСТОЧНИК ЗАПИСИ
Страна Российская Федерация
Организация NLR
Дата составления 20070604
942 ## - ДОПОЛНИТЕЛЬНЫЕ ЭЛЕМЕНТЫ ЗАПИСИ (АБИС)
Тип экземпляра АБИС Книга
980 ## - КОЛЛЕКЦИЯ
Название коллекции Национальная библиография
Экземпляры
Тип экземпляра Дата поступления Источник поступления Библиотека постоянного хранения Библиотека текущего хранения Место хранения Шифр хранения Штрих-код Статус экземпляра
Книга 04.06.2007 Обязательный экземпляр РНБ (Московский) РНБ (Московский) Русский книжный фонд: издания с 1957 года 2004-4/12302 2447884  
Книга 04.06.2007 Обязательный экземпляр РНБ (Московский) РНБ (Московский) Русский книжный фонд: издания с 1957 года 2004-4/12302 2447885